Southville International School and Colleges
Your cart is empty.
  • Cart
  • Lists
    Public lists Eva Luna New books Lux_list list_1
    Your lists Log in to create your own lists
  • Log in to your account
  • Your cookies
  • Search history
Southville International School and Colleges
  • Advanced search
  • Recent comments
  • Most popular
  • Libraries

Log in to your account

Log in with GOOGLE


If you do not have an external account, but do have a local account, you can still log in:

  1. Home
  2. MARC view: SAP business information warehouse reporting building better BI with SAP BI 7.0 :
Normal view MARC view ISBD view

SAP business information warehouse reporting building better BI with SAP BI 7.0 : (Record no. 23250)

[ view plain ]
MARC details
000 -LEADER
fixed length control field 00738nam a2200217 a 4500
005 - DATE AND TIME OF LATEST TRANSACTION
control field 20140310183446.0
008 - FIXED-LENGTH DATA ELEMENTS--GENERAL INFORMATION
fixed length control field 081003s19uu xx 00 eng d
020 ## - INTERNATIONAL STANDARD BOOK NUMBER
International Standard Book Number 9780071496162
050 ## - LIBRARY OF CONGRESS CALL NUMBER
Classification number HF 5548.4.B875
Item number .J66 2008
100 ## - MAIN ENTRY--PERSONAL NAME
Personal name Jones, Peter
245 ## - TITLE STATEMENT
Title SAP business information warehouse reporting building better BI with SAP BI 7.0 :
Remainder of title essential BI skills for business professionals. /
Statement of responsibility, etc Peter Jones.
260 ## - PUBLICATION, DISTRIBUTION, ETC. (IMPRINT)
Place of publication, distribution, etc New York :
Name of publisher, distributor, etc McGraw-Hill,
Date of publication, distribution, etc 2008.
300 ## - PHYSICAL DESCRIPTION
Extent 894 p. :
Other physical details ill.;
Dimensions 26 cm.
521 ## - TARGET AUDIENCE NOTE
Target audience note
650 ## - SUBJECT ADDED ENTRY--TOPICAL TERM
Topical term or geographic name as entry element Computer Studies.
650 ## - SUBJECT ADDED ENTRY--TOPICAL TERM
Topical term or geographic name as entry element SAP Business Information Warehouse.
650 ## - SUBJECT ADDED ENTRY--TOPICAL TERM
Topical term or geographic name as entry element Business intelligence
General subdivision Computer programs.
650 ## - SUBJECT ADDED ENTRY--TOPICAL TERM
Topical term or geographic name as entry element Data warehousing.
942 ## - ADDED ENTRY ELEMENTS (KOHA)
Koha item type Books
Source of classification or shelving scheme Library of Congress Classification
Call number prefix Foreign
Holdings
Withdrawn status Lost status Source of classification or shelving scheme Damaged status Home library Current library Shelving location Date acquired Source of acquisition Total Checkouts Full call number Barcode Date last seen Copy number Price effective from Koha item type
    Library of Congress Classification   College Library College Library General Circulation Section 01/09/2014 Donation   HF 5548.4.B875 .J66 2008 C9840 05/15/2018 1997-01-01 01/09/2014 Books

SAP business information warehouse reporting building better BI with SAP BI 7.0 :

APA

Jones P., . (2008). SAP business information warehouse reporting building better BI with SAP BI 7.0. New York: McGraw-Hill.

Chicago

Jones Peter, . 2008. SAP business information warehouse reporting building better BI with SAP BI 7.0. New York: McGraw-Hill.

Harvard

Jones P., . (2008). SAP business information warehouse reporting building better BI with SAP BI 7.0. New York: McGraw-Hill.

MLA

Jones Peter, . SAP business information warehouse reporting building better BI with SAP BI 7.0. New York: McGraw-Hill. 2008.

  • Place hold
  • Print
  • Cite
  • Add to your cart (remove)
  • Save record
    BIBTEX Dublin Core MARCXML MARC (non-Unicode/MARC-8) MARC (Unicode/UTF-8) MARC (Unicode/UTF-8, Standard) MODS (XML) RIS
  • More searches
    Search for this title in:
    Other Libraries (WorldCat) Other Databases (Google Scholar) Online Stores (Bookfinder.com) Open Library (openlibrary.org)

Exporting to Dublin Core...

SOUTHVILLE LIBRARY

Southville International School and Colleges Library

1281 Tropical Ave. Cor. Luxembourg St., BF Homes International, Las Pinas City

Tel. No. 8256374 / 252358 Loc. 117/146

Powered by Koha